000 00563nam a2200181Ia 4500
003 GCL
008 140319s9999 xx 000 0 eng d
040 _aGCL /
_cGCL
082 0 4 _a425
_bM A
100 1 _aMURRAY, LINDLEY
245 1 0 _aA BRIDGMENT OF MURRAY'S ENGLISH GRAMMAR WITH AN APPENDIX, CONTAINING EXERCISES /
_cMURRAY, LINDLEY
260 _a[S.N] :
_bROUTLEDGE \ THOEMMES PRESS ،
_c1996
300 _a228 P
650 0 4 _aENGLISH LANGUAGE - GRAMMAR
650 0 4 _aENGLISH LANGUAGE
650 0 4 _aENGLISH LANGUAGE - STUDY AND TEACHING
942 _2ddc
_cBK
999 _c13014
_d13014